Rural development at the grassroot-the catalyst role.// (Record no. 109785)
[ view plain ]
| 000 -LEADER | |
|---|---|
| fixed length control field | 00544nam a22001697a 4500 |
| 003 - CONTROL NUMBER IDENTIFIER | |
| control field | BD-ChCU |
| 005 - DATE AND TIME OF LATEST TRANSACTION | |
| control field | 20251125091006.0 |
| 008 - FIXED-LENGTH DATA ELEMENTS--GENERAL INFORMATION | |
| fixed length control field | 251125b bg ||||| |||| 00| 0 ben d |
| 040 ## - CATALOGING SOURCE | |
| Transcribing agency | BD-ChCU |
| 082 ## - DEWEY DECIMAL CLASSIFICATION NUMBER | |
| Classification number | 370.1934 SOR |
| 100 ## - MAIN ENTRY--PERSONAL NAME | |
| Personal name | Sommer, John and Pratima Kale. ed. |
| 9 (RLIN) | 16813 |
| 245 ## - TITLE STATEMENT | |
| Title | Rural development at the grassroot-the catalyst role.// |
| Statement of responsibility, etc. | John Sommer, Pratime Kale and Ranjit Gupta. ed. |
| 260 ## - PUBLICATION, DISTRIBUTION, ETC. | |
| Place of publication, distribution, etc. | New Delhi. |
| Name of publisher, distributor, etc. | The Ford Foundation. |
| Date of publication, distribution, etc. | 1974 |
| 300 ## - PHYSICAL DESCRIPTION | |
| Extent | 138p |
| 650 #0 - SUBJECT ADDED ENTRY--TOPICAL TERM | |
| Topical term or geographic name entry element | India - Social Conditions. |
| 9 (RLIN) | 16815 |
| 942 ## - ADDED ENTRY ELEMENTS (KOHA) | |
| Source of classification or shelving scheme | Dewey Decimal Classification |
| Koha item type | Books |
| Suppress in OPAC | No |
| Withdrawn status | Lost status | Source of classification or shelving scheme | Damaged status | Not for loan | Home library | Current library | Shelving location | Date acquired | Source of acquisition | Total Checkouts | Full call number | Barcode | Date last seen | Copy number | Price effective from | Koha item type |
|---|---|---|---|---|---|---|---|---|---|---|---|---|---|---|---|---|
| Dewey Decimal Classification | Chittagong University Library | Chittagong University Library | Business and Social Science Reading Room | 11/25/2025 | Purchase | 370.1934 SOR | 88785 | 11/25/2025 | C-1 | 11/25/2025 | Books | |||||
| Dewey Decimal Classification | Chittagong University Library | Chittagong University Library | Business and Social Science Reading Room | 11/25/2025 | Purchase | 370.1934 SOR | 92441 | 11/25/2025 | C-2 | 11/25/2025 | Books | |||||
| Dewey Decimal Classification | Chittagong University Library | Chittagong University Library | Business and Social Science Reading Room | 11/25/2025 | Purchase | 370.1934 SOR | 92442 | 11/25/2025 | C-3 | 11/25/2025 | Books |